000 00384nam a2200145Ia 4500
008 211109s9999||||xx |||||||||||||| ||und||
082 _a894.8123
_bGOG-T
100 _aGogel, N
245 0 _aTaras Bulla
260 _bPrabhath Book House
_aKozhikode
_c1959
300 _a262p.
630 _xGeneral Stack
650 _aMALAYALAM LITERATURE
_vMALAYALAM NOVEL
_xGeneralia
942 _cBOOK
999 _c20687
_d20687